Dopravné inžinierstvo : návody na cvičenia /

Hlavní autor: Hollarek, Tomáš, 1931-
Další autoři: Kalašová, Alica, Kušnierová, Jela
Jazyk: Slovenština
Vydáno: Žilina : Vysoká škola dopravy a spojov, 1944
Vydání: 1. vyd.
Fyzický popis: 134 s.
Knihy
Uloženo v:
LEADER 00754nam a22002172a 4500
001 000130126
003 CZ BrMZK
005 20150521152256.0
008 970103s1944 xo f slo d
040 |a BOA001  |b cze 
080 |a 656(075.8)  |2 MRF 
100 1 |a Hollarek, Tomáš,  |d 1931-  |7 mzk2015872455 
245 1 0 |a Dopravné inžinierstvo :  |b návody na cvičenia /  |c Tomáš Hollarek, Alica Kalašová, Jela Kušnierová 
250 |a 1. vyd. 
260 |a Žilina :  |b Vysoká škola dopravy a spojov,  |c 1944 
300 |a 134 s. 
700 1 |a Kalašová, Alica  |7 ola2004253974 
700 1 |a Kušnierová, Jela 
910 |a BOA001  |b TK-A-0256.429 
990 |a BK 
996 7 |b 2629982484  |c TK-A-0256.429  |l MZK  |r Sklad / do 24 hodin  |n 3  |w 000130126  |u 000010  |a 1  |e BOA001  |j MZK50  |s A